000 00629nam a2200169 a 4500
001 000029070
005 20200930055319.0
008 110413s2003 dr 000 0 spa d
040 _aDO-SdBNP
_bspa
_cBNPHU
082 _axxx
_bM379m
100 1 _aMartín Pumarol, Juan
_955972
245 1 0 _aMercadeo en los 90's :
_bun antes y un después /
_cJuan Martín Pumarol.
260 _aSanto Domingo :
_bUniversidad Católica Santo Domingo
_bEdiciones Alandar,
_c2003.
300 _a20 p. ;
_c22 cm.
500 _aUniversidad Católica Santo Domingo Congreso Académico Empresarial tendencias de mercadeo 10 anos después
049 _aBNPD
999 _c28562
_d28562